000 00752nam a22001817a 4500
005 2012030901191.0
020 _c130.00
_a812930256x
035 _aB-285076
037 _b
_adpl
082 _a294.5976
100 _a
_943641
245 1 _aसंक्षिप्त ब्रह्मवैवर्तपुराण /
_c
260 _aगोरखपुर
_bगीताप्रेस
_c
270 _a
_b
_e
_k
300 _a842पृ.
_c25सेमी (सजिल्द)
942 _adpl
_cHN
_k
_2ddc
_h294.5976
_mसंक्षिप्त
999 _c63893
_d63893